Štatistická správa o základných vývojových tendenciách v hospodárstve SR vo 4. štvrťroku 2017

Na minha lista:
Detalhes bibliográficos
Formato: Livro
Idioma:eslovaco
Publicado em: Bratislava Štatistický úrad Slovenskej republiky 2018
Colecção:Súborné publikácie
Assuntos:
Tags: Adicionar Tag
Sem tags, seja o primeiro a adicionar uma tag!

MARC

LEADER 00000nam$a2200000$$$4500
001 0241504
005 20240515125002.3
041 0 |a slo 
044 |a SK 
245 1 0 |a Štatistická správa o základných vývojových tendenciách v hospodárstve SR vo 4. štvrťroku 2017 
264 1 |a Bratislava  |b Štatistický úrad Slovenskej republiky  |c 2018 
300 |a 94 s. 
490 1 |a Súborné publikácie 
830 0 |a Súborné publikácie 
610 2 0 |a Slovensko 
610 2 0 |a hospodárstvo národné 
610 2 0 |a vývoj hospodársky